Cartilla laboral y pensional con 284 casos / (Registro nro. 6339)

Detalles MARC
000 -LEADER
fixed length control field 00642nam a2200205Ia 4500
003 - CONTROL NUMBER IDENTIFIER
control field OSt
005 - DATE AND TIME OF LATEST TRANSACTION
control field 20200812164429.0
008 - FIXED-LENGTH DATA ELEMENTS--GENERAL INFORMATION
fixed length control field 191128s2012 ck fr 000 0 spa d
040 ## - CATALOGING SOURCE
Original cataloging agency CO-JMCR
Transcribing agency CO-JMCR
041 0# - LANGUAGE CODE
Language code of text/sound track or separate title spa
082 04 - DEWEY DECIMAL CLASSIFICATION NUMBER
Classification number 344.02 /
Item number P944c
Edition number 23
100 1# - MAIN ENTRY--PERSONAL NAME
Personal name Pérez Huertas, Freddy Rolando,
Relator term autor
9 (RLIN) 8680
245 10 - TITLE STATEMENT
Title Cartilla laboral y pensional con 284 casos /
Statement of responsibility, etc. Freddy Rolando Pérez Huertas
260 ## - PUBLICATION, DISTRIBUTION, ETC.
Place of publication, distribution, etc. [Bogotá] :
Name of publisher, distributor, etc. [s.n.],
Date of publication, distribution, etc. [2012]
300 ## - PHYSICAL DESCRIPTION
Extent 188 páginas ;
Dimensions 20 cm.
490 0# - SERIES STATEMENT
Series statement El "carrusel" de las pensiones
650 14 - SUBJECT ADDED ENTRY--TOPICAL TERM
Topical term or geographic name entry element Seguridad social
General subdivision casos
Geographic subdivision Colombia
9 (RLIN) 8681
650 14 - SUBJECT ADDED ENTRY--TOPICAL TERM
Topical term or geographic name entry element Pensiones
9 (RLIN) 8682
942 ## - ADDED ENTRY ELEMENTS (KOHA)
Source of classification or shelving scheme Dewey Decimal Classification
Koha item type Books
Existencias
Withdrawn status Lost status Source of classification or shelving scheme Damaged status Not for loan Collection code Home library Current library Date acquired Source of acquisition Total Checkouts Full call number Barcode Date last seen Date last checked out Copy number Koha item type
    Dewey Decimal Classification     Reference Biblioteca Pública José María del Castillo y Rada Biblioteca Pública José María del Castillo y Rada 12/12/2017 Donación 1 344.02 / P944c 430012473 09/19/2025 09/19/2025 Ej.1 Books